Datum a čas kvízu
35
Celkem bodů
Celkový počet nahraných bodů na tomto kvízu bez doplňovacích otázek.
4.
Pořadí na kvízu
Konečné umístění týmu na tomto kvízu.
Zaznamenané odpovědi
| # | Otázka | Odpověď | Body | Výsledky |
|---|---|---|---|---|
| 1. | Minulý týden se podruhé oženil... | Jan Hamáček | 1 | |
| 2. | Záchranáři na nejvyšším anglic... | psa (bernardýna) | 1 | |
| 3. | Minulý týden se udílely ceny B... | Černobyl | 0 | |
| 4. | Další z tradičních výrobců fot... | Kodak | 1 | |
| 5. | V pondělí přiletěl z Jižní Ame... | Emerson Fittipaldi | 1 | |
| 6. | V tomto tématu se blíže podívá... | C | 0 | |
| 7. | Tato mapa vyznačuje jistý kult... | Laponsko | 1 | |
| 8. | Jak se nazývá ostrov ležící 30... | Utøya | 0 | |
| 9. | Tento Švéd se v poslední době... | Epidemiolog. | 1 | |
| 10. | Jak se nazývá fotbalový tým, j... | Borussia Dortmund | 1 |